Provinces of China Map Quiz - Statistics

General Stats
  • This quiz has been taken 544 times
  • The average score is 21 of 33
Answers on the Map
Answers color-coded by a green-red scale on the quiz's map according to % correct below.
 
Answer Stats
Answer % Correct
Beijing Municipality
88%
Inner Mongolia Autonomous Region
88%
Tibet Autonomous Region
81%
Xinjiang Uyghur Autonomous Region
80%
Hong Kong Special Administrative Region
78%
Chongqing Municipality
77%
Heilongjiang Province
76%
Shanghai Municipality
76%
Hainan Province
74%
Tianjin Municipality
71%
Guangdong Province
70%
Yunnan Province
68%
Macau Special Administrative Region
65%
Gansu Province
63%
Sichuan Province
62%
Guangxi Zhuang Autonomous Region
61%
Jilin Province
60%
Fujian Province
59%
Liaoning Province
59%
Ningxia Hui Autonomous Region
59%
Shandong Province
59%
Qinghai Province
57%
Hebei Province
56%
Shaanxi Province
56%
Shanxi Province
55%
Guizhou Province
53%
Hubei Province
53%
Anhui Province
51%
Jiangsu Province
50%
Henan Province
48%
Hunan Province
48%
Zhejiang Province
47%
Jiangxi Province
39%
No matching quizzes found
Score Distribution
Percent of People with Each Score
Percentile by Number Answered
Your Score History
You have not taken this quiz